000 01234nac a22003370a 4500
001 PT18400
003 AR-LpoUNG
005 20210201005048.0
008 201001s1997||||ag |||||||||||||||||spa d
020 _a9879578635
_c$8.7
040 _aAR-LpoUNG
_bspa
_eaacr
041 _aspa
044 _aag
082 0 _aR791.43 89v1
100 1 _aKriger, Clara
_ecomp.
245 1 0 _aDiccionario de realizadores
250 _a1§ edición
260 _aBuenos Aires :
_bDel Jilguero,
_c1997.
300 _a511 p. :
_bil.
_3Impreso
490 0 _aCine Latinoamericano
520 _aContiene cerca de cuatrocientas biografías analíticas de los directores más importantes de Latinoamérica y de españoles y otros extranjeros que contribuyeron al crecimiento de este arte en la región, contempladas con excelentes filmografías actualizadas y útiles cronologías de cada país. Se suma un apartado sobre la evolución de la cinematografía en países de menor producción.
650 4 _aARTES
650 4 _aCINE
650 4 _aDICCIONARIOS
650 4 _aMATERIAL DE REFERENCIA
650 4 _aPELICULAS
653 _aINDUSTRIA CINEMATOGRAFICA
700 1 _aPortela, Alejandra
_ecomp.
905 _a18400
942 _cLSALA
999 _c48286
_d48286